<?xml version="1.0" encoding="UTF-8"?>
<record
    xmlns:xsi="http://www.w3.org/2001/XMLSchema-instance"
    xsi:schemaLocation="http://www.loc.gov/MARC21/slim http://www.loc.gov/standards/marcxml/schema/MARC21slim.xsd"
    xmlns="http://www.loc.gov/MARC21/slim">

  <leader>03862nam a22002777a 4500</leader>
  <controlfield tag="005">20240305165509.0</controlfield>
  <controlfield tag="007">cr||||   |||| </controlfield>
  <controlfield tag="008">180517s2018    mx |||||s|||| 00||0 spa d</controlfield>
  <datafield tag="020" ind1=" " ind2=" ">
    <subfield code="a">978-607-8552-56-6</subfield>
  </datafield>
  <datafield tag="035" ind1=" " ind2=" ">
    <subfield code="a">21707</subfield>
  </datafield>
  <datafield tag="040" ind1=" " ind2=" ">
    <subfield code="a">vLex</subfield>
  </datafield>
  <datafield tag="090" ind1=" " ind2=" ">
    <subfield code="c">7971</subfield>
    <subfield code="d">7971</subfield>
  </datafield>
  <datafield tag="100" ind1="1" ind2=" ">
    <subfield code="a">Mathel&#xED;n Leyva, Carlos R.</subfield>
  </datafield>
  <datafield tag="245" ind1="1" ind2="0">
    <subfield code="a">Sistemas de informaci&#xF3;n para la industria de la construcci&#xF3;n</subfield>
    <subfield code="h">[Recurso electr&#xF3;nico] /</subfield>
    <subfield code="c">Carlos R. Mathel&#xED;n Leyva</subfield>
  </datafield>
  <datafield tag="256" ind1=" " ind2=" ">
    <subfield code="a">Servicio en l&#xED;nea</subfield>
  </datafield>
  <datafield tag="260" ind1=" " ind2=" ">
    <subfield code="a">Ciudad de M&#xE9;xico:</subfield>
    <subfield code="b">Instituto Mexicano de Contadores P&#xFA;blicos,</subfield>
    <subfield code="c">2018</subfield>
  </datafield>
  <datafield tag="300" ind1=" " ind2=" ">
    <subfield code="a">1 recurso electr&#xF3;nico</subfield>
  </datafield>
  <datafield tag="500" ind1=" " ind2=" ">
    <subfield code="a">Esta obra tiene como objetivo conocer la industria de la construcci&#xF3;n para generar un informe anal&#xED;tico sobre el tipo de contratos de construcci&#xF3;n y el registro de cada una, de acuerdo con la forma en que fue contratada; adem&#xE1;s del tratamiento contable que debe aplicarse para registrar cada operaci&#xF3;n que se realiza por los contratos de obra convenidos, y del que se puede obtener la informaci&#xF3;n de los ingresos por esta; determinar el costo de cada una de las obras contratadas para verificar la informaci&#xF3;n contable-financiera de obras ejecutadas contra los presupuestos de obras aprobadas, y tener la informaci&#xF3;n anal&#xED;tica de las mismas, as&#xED; como los elementos de juicio necesarios para la toma de decisiones. Tal como lo se&#xF1;alan las Normas de Informaci&#xF3;n Financiera (NIF), en los postulados b&#xE1;sicos de la contabilidad financiera, esta produce informaci&#xF3;n indispensable para el an&#xE1;lisis y la administraci&#xF3;n de las actividades y objetivos propios que realiza cada entidad econ&#xF3;mica, a una fecha determinada para la medici&#xF3;n y cuantificaci&#xF3;n cualitativa de los resultados obtenidos. La evoluci&#xF3;n constante de los sistemas de contabilidad debe estar respaldada por las NIF, de acuerdo con los criterios sobre la naturaleza de la informaci&#xF3;n que se requiere generar para la actividad principal de cada sector industrial y comercial, como es el caso de la industria de la construcci&#xF3;n. Tambi&#xE9;n es importante conocer el tipo de contratos a realizar por parte de las empresas constructoras, el marco legal y sus alcances, as&#xED; como el tratamiento contable espec&#xED;fico en cada caso en particular (los contratos a precios unitarios, a precio alzado, construcci&#xF3;n de obra directa o por administraci&#xF3;n, los cuales tienen caracter&#xED;sticas diferentes en cada tipo de contrato de construcci&#xF3;n). La organizaci&#xF3;n que adopten las empresas que se dediquen a la industria de la construcci&#xF3;n puede ser variada, dependiendo de las caracter&#xED;sticas de cada una, de acuerdo con su tama&#xF1;o y las operaciones que realice, pero requiere contar con un sistema de informaci&#xF3;n adecuado a su actividad, veraz y confiable para generar la informaci&#xF3;n financiera que permita conocer oportunamente el monto de sus ingresos, costos y gastos ejercidos en cada una de las obras contratadas, con el fin de validar la informaci&#xF3;n financiera contra los presupuestos de obra estimados y tomar las decisiones oportunas, en caso de que existan variaciones en los vol&#xFA;menes y conceptos de obra estimados contra los ejecutados, y as&#xED; conocer y cuidar los costos de obra contratados y la adecuada aplicaci&#xF3;n de los recursos de cada una de las obras convenidas.</subfield>
  </datafield>
  <datafield tag="506" ind1="1" ind2=" ">
    <subfield code="a">Disponible solo en los productos indicados</subfield>
    <subfield code="d">vLex Global</subfield>
    <subfield code="d">vLex Global (Academic Edition, excluding Law Schools)</subfield>
    <subfield code="d">vLex Global (U.S. Academic Edition, Law Schools)</subfield>
    <subfield code="d">vLex Global (U.S. Academic Edition, excluding Law Schools)</subfield>
    <subfield code="d">vLex Global (Academic Edition, Law Schools)</subfield>
  </datafield>
  <datafield tag="650" ind1="0" ind2="4">
    <subfield code="a">Derecho Civil</subfield>
    <subfield code="z">M&#xE9;xico</subfield>
  </datafield>
  <datafield tag="650" ind1="0" ind2="4">
    <subfield code="a">Econom&#xED;a y negocios</subfield>
    <subfield code="z">M&#xE9;xico</subfield>
  </datafield>
  <datafield tag="650" ind1="0" ind2="4">
    <subfield code="a">Contabilidad</subfield>
    <subfield code="z">M&#xE9;xico</subfield>
  </datafield>
  <datafield tag="740" ind1="0" ind2=" ">
    <subfield code="a">vLex Libros (Servicio en l&#xED;nea)</subfield>
  </datafield>
  <datafield tag="856" ind1="4" ind2="0">
    <subfield code="u">https://app.vlex.com/#/sources/sistemas-de-informacion-para-la-industria-de-la-construccion-21707</subfield>
  </datafield>
  <datafield tag="942" ind1=" " ind2=" ">
    <subfield code="c">RAA</subfield>
  </datafield>
  <datafield tag="952" ind1=" " ind2=" ">
    <subfield code="0">0</subfield>
    <subfield code="1">0</subfield>
    <subfield code="4">0</subfield>
    <subfield code="7">0</subfield>
    <subfield code="8">VLEX</subfield>
    <subfield code="9">324184</subfield>
    <subfield code="a">BD-UIN</subfield>
    <subfield code="b">BD-UIN</subfield>
    <subfield code="d">2024-03-05</subfield>
    <subfield code="l">0</subfield>
    <subfield code="p">21707</subfield>
    <subfield code="r">2024-03-05</subfield>
    <subfield code="w">2024-03-05</subfield>
    <subfield code="y">RAA</subfield>
  </datafield>
  <datafield tag="999" ind1=" " ind2=" ">
    <subfield code="c">166208</subfield>
    <subfield code="d">166208</subfield>
  </datafield>
</record>
